00804nam a22002297a 45000010005000000030006000050050017000110080041000280200018000690400029000870500008001160820008001241000018001322450154001502600048003043000050003525050008004025200074004105210026004845210022005106500042005325823FISKH20250123115010.0250123b cb ||||| |||| 00| 0 eng d a9780241299845 aFISKHbengcFISKHdFISKH aPZ7 a800 aDK Publishing aChildren's book of mythical beasts & magical monsters :bAn introduction to fasscinating myths and legends from around the world /cBy DK Publishing  aLondon :bDorling Kindersley Book , c2011. a142 pages : bcolor illustrations ;c26 cm .  aZ  aShares stories of heroes and monsters from cultures around the world.8 a1060 bLexile IG 8 aZ bRaz-Plus  amulticultural literaturevnon-fiction